000 00879nam a22002657a 4500
001 6471
003 FISKH
005 20250827093225.0
008 250506b cb ||||| |||| 00| 0 eng d
020 _a9781740898249
040 _aFISKH
_beng
_cFISKH
_dFISKH
050 _aPZ7
082 _a551.46
100 _aRyan, Denise
245 _aTop readers :
_bUnder the sea /
260 _aSydney :
_bWeldon Owen,
_c2008.
300 _a32 pages :
_bcolor illustrations ;
_c23 cm
505 _aJ
520 _aMore of Earth is covered by water than is dry land. Under the oceans are hills and valleys, warm regions and freezing ones. Many creatures live in the shallows, and a few live in the darkest depths.
521 8 _a500
_bLexile estimate
521 8 _aJ
_bRaz-Plus
650 _aEcosystems
_vOcean Science
_xHabitats
942 _2ddc
_cBK
_n0
999 _c6471
_d6471